000 00609nam a2200205Ia 4500
005 20260121110200.0
008 008 260114s9999 xx 000 0 hin d
020 _a9788132302865
037 _aEBOOK
040 _aCRL
_bhin
_cCRL
041 _ahin
_2hin
084 _qCRL
100 _aसाहिल सूद / Sahil Sood
_9943041
245 0 _aमृदा भूगोल / Mrida Bhugol
260 _bभाषा प्रकाशन / Bhasha Prakashan
_c2020
856 _uhttps://bhashaprakashan.com/product-details/377971
942 _cEBOOK
999 _c1534706
_d1534706